Click a Liz Quiz Stats

Quiz Updated Mar 21, 2016

Also try: Click an Ed
Challenge
Share
Tweet
Embed
Score 0/20 Timer 03:00
2 Plays Today
% Correct
Minnelli
94.3%
Midler
91.7%
Olsen
88.8%
Hurley
82.3%
Tudor
81%
Borden
79.8%
Taylor
79.3%
Ross
77.4%
Grable
75.1%
Barrett Browning
71.3%
% Correct
Montgomery
68.8%
Berkley
59.1%
Banks
58.3%
Warren
56.8%
Bowes-Lyon
54.1%
Cady Stanton
50.6%
McGovern
46.5%
Ann Seton
41.2%
Blackwell
35.1%
Keckley
15.6%

You're not logged in!

Compare scores with friends on all Sporcle quizzes.
Join for Free
OR
Log In

You Might Also Like...

Show Comments

Extras

Top Quizzes Today


Score Distribution

Your Account Isn't Verified!

In order to create a playlist on Sporcle, you need to verify the email address you used during registration. Go to your Sporcle Settings to finish the process.

Report this User

Report this user for behavior that violates our Community Guidelines.

Details: